000 00831am a2200313a 44500
003 AR-BaBNM
005 20251128211047.0
008 152020s1999 #AR|||||||||||000 | esp||
020 _a84-493-0778-3
040 _cAR-BaBNM
245 1 0 _aSociedades en guerra civil
_bconflictos violentos de Europa y América Latina
260 _aBarcelona
_bPaidós
_c1999
300 _a377 p.
490 0 _aEstado y sociedad
_vv. 75
650 4 _aSOCIEDAD
650 4 _aECONOMIA
650 4 _aCIENCIAS POLITICAS
650 4 _aCONFLICTO POLITICO
650 4 _aREVOLUCION
650 4 _aNACIONALISMO
650 4 _aGUERRA CIVIL
651 4 _aEuropa
651 4 _aAmérica Latina
653 _aGUERRILLA
700 1 _aWaldmann, Peter
_ecompilador
700 1 _aReinares, Fernando
_ecompilador
942 _cBK
998 _cmariana
999 _c18058
_d18058